|
|
|
|
| LEADER |
01728nam a22002777a 4500 |
| 001 |
31257 |
| 003 |
BD-DhAAL |
| 005 |
20241205132101.0 |
| 008 |
170417s2016 bg ao||| |||| 00| 0 eng d |
| 040 |
|
|
|a BD-DhAAL
|c BD-DhAAL
|
| 082 |
0 |
4 |
|2 23
|a 307.1412095492
|
| 245 |
0 |
0 |
|a BRAC :
|k annual report,
|g 2015.
|
| 260 |
|
|
|a Dhaka :
|b BRAC,
|c 2016.
|
| 300 |
|
|
|a 128 pages :
|b illustrations ;
|c 28 cm.
|
| 526 |
|
|
|a AAL
|
| 541 |
|
|
|a Complimentary copy from BRAC
|e 31257, 31258, 31260
|
| 610 |
|
|
|a BRAC
|9 14405
|
| 650 |
|
|
|a Rural development
|z Bangladesh.
|9 14406
|
| 710 |
|
|
|a BRAC
|9 14405
|
| 852 |
|
|
|a Ayesha Abed Library
|c BRAC Resource Section
|
| 942 |
|
|
|2 ddc
|c BK
|
| 999 |
|
|
|c 38086
|d 38086
|
| 952 |
|
|
|0 0
|1 0
|2 ddc
|4 0
|6 307_141209549200000_BRA
|7 1
|8 RPT
|9 60444
|a BRACUL
|b BRACUL
|c BRS
|d 2017-04-23
|e Complimentary copy from BRAC
|l 0
|o 307.1412095492 BRA
|p 3010031257
|r 2017-04-23
|t 2
|w 2017-04-23
|y BK
|x Complimentary copy from BRAC. No price found in the accession register.
|
| 952 |
|
|
|0 0
|1 0
|2 ddc
|4 0
|6 307_141209549200000_BRA
|7 1
|8 RPT
|9 60445
|a BRACUL
|b BRACUL
|c BRS
|d 2017-04-23
|e Complimentary copy from BRAC
|l 0
|o 307.1412095492 BRA
|p 3010031258
|r 2017-04-23
|t 3
|w 2017-04-23
|y BK
|x Complimentary copy from BRAC; Price not available in register.
|
| 952 |
|
|
|0 0
|1 0
|2 ddc
|4 0
|6 307_141209549200000_BRA
|7 1
|8 RPT
|9 60446
|a BRACUL
|b BRACUL
|c BRS
|d 2017-04-23
|e Complimentary copy from BRAC
|l 0
|o 307.1412095492 BRA
|p 3010031260
|r 2017-04-23
|t 4
|w 2017-04-23
|y BK
|x Complimentary copy from BRAC. No price found in the accession register.
|
| 952 |
|
|
|0 0
|1 0
|2 ddc
|4 0
|6 307_141209549200000_BRA
|7 1
|8 RPT
|9 62759
|a BRACUL
|b BRACUL
|c BRS
|d 2018-02-26
|e Complimentary copy from BRAC
|l 0
|o 307.1412095492 BRA
|p 3010031256
|r 2018-02-26
|t 1
|w 2018-02-26
|y BK
|x Complimentary copy from BRAC; Price not available in register.
|